000 00702nam a2200253Ia 4500
003 OSt
005 20220927110353.0
006 a|||||r|||| 00| 0
007 ta
008 220926b |||||||| |||| 00| 0 eng d
024 _a63242
037 _cReports
040 _aRTL
_cRTL
_beng
041 _2eng
_aeng
082 _a"X6261.2.N7, L5"
100 _aTokhi M R Ed.
_9376960
245 0 _aRural banking in India
260 _aNew
_bDelhi Oxford India
_c1975
300 _a137p
_ccm.
650 _aCommercial Bank
_9376961
700 _a Sharma D P Ed.
_9376962
942 _h"X6261.2.N7, L5"
_cCC
999 _c695952
_d695952